Pokemon Name Meaning (Sinnoh) - Statistics

General Stats
  • This quiz has been taken 9 times
  • The average score is 29 of 56
Answer Stats
Meanings Pokemon % Correct
A structure protruding from a fortification + Common dinosaur suffix Bastiodon
100%
German for "beaver," a rodent + Wooden container often holding water or liquid Bibarel
100%
Floating marker in the sea (usually orange) + Small mammal with a long body Buizel
100%
Ruler; a species of penguin + French naval leader Empoleon
100%
A species of insect + Music Kricketune
100%
A species of insect + Referring to a male Mothim
100%
Japanese for "electric crackling" + Japanese for "squirrel" Pachirisu
100%
A type of flower + Costume/disguise or a facade Roserade
100%
Of or relating to wasps + Female royalty Vespiquen
100%
A species of moth + Referring to a female Wormadam
100%
A type of metal + A deep chime of a bell Bronzong
80%
Meat-eating creature + Long strands of a plant Carnivine
80%
Mythical fire-breathing creature + Creature with pincers and a stinger in its tail Drapion
80%
A species of primate + A raging fire Monferno
80%
To glow brightly + A wildcat Shinx
80%
Rodent known for emitting a fowl smell + An armored vehicle Skuntank
80%
A species of bird + Relating to birds Staravia
80%
Poisonous + The sound a frog makes Toxicroak
80%
Water-based reptile + A small tree branch Turtwig
80%
Mythological arctic creature; yeti + Frozen precipitation Abomasnow
60%
A miniature tree + Clever or tricky Bonsly
60%
Slang for rabbit; a small mammal with long ears + Body part that senses sound Buneary
60%
To talk + A small child Chatot
60%
Set of creatures including snails, whelks, and slugs + Of great size/importance; lord or master Gastrodon
60%
To increase in temperature + To move from one place to another (especially heat through metal) Heatran
60%
Leader, boss + A species of bird Honchkrow
60%
Marine creature + A small child Mantyke
60%
A silent performer + Younger Mime Jr.
60%
Annoying or disruptive actions + Magic-wielding characters in fantasy & fiction Mismagius
60%
Sound a cat makes when content + Unpleasant looking Purugly
60%
Defensive wall + Common dinosaur suffix Rampardos
60%
To float through the air + A floating air ship Drifblim
40%
Grotesque carved ornament + Bite down heavily Garchomp
40%
Joyful + Small Happiny
40%
Shining brightly + Inert gas that glows brightly Lumineon
40%
The melted rock in a volcano + A type of cannon Magmortar
40%
A prehistoric woolly mammal + Of or relating to pigs Mamoswine
40%
To eat + Chill out, slacken Munchlax
40%
Small mammal with a long body + Unpleasant, wretched Weavile
40%
Japanese for "large dragonfly" + An extinct species of insect Yanmega
40%
Frozen moisture + A young female Froslass
20%
Mythological energy used for magic + Imp, Sprite Manaphy
20%
Large African mammal + Dominant Rhyperior
20%
Prefix signifying authority and power + Latin for "God" Arceus
0%
A phase of the moon + Greek goddess of the moon Cresseilia
0%
Absense of light + Japanese for "dark" Darkrai
0%
The partial darkness between day and night + French for "black" Dusknoir
0%
Brave, chivalrous + The flat cutting part of a knife, sword, etc. Gallade
0%
A red opal + An alloy of platinum Giratina
0%
To float with wings + Creature with pincers and a stinger in its tail Gliscor
0%
Plant foliage + long period of time (implying evolution) Leafeon
0%
Precious stone + Japanese for "ocean" Palkia
0%
A many sided figure + 3rd axis in coordinates Porygon Z
0%
Relating to the nose + Instrument that determines directions Probopass
0%
Latin for "of or relating to royalty" + Giant Regigigas
0%
Japanese for "spike" + Display of affection Togekiss
0%
No matching quizzes found
Score Distribution
Percent of People with Each Score
Percentile by Number Answered
Your Score History
You have not taken this quiz